Surveying
| Main Author: | |
|---|---|
| Other Authors: | |
| Format: | Book |
| Published: |
London :
Pitman Publishing Limited ,
1977
|
| Edition: | 4th ed. |
| Subjects: |
MARC
| LEADER | 00000cam a2200000 7i4500 | ||
|---|---|---|---|
| 001 | 0000007917 | ||
| 005 | 20161223.0 | ||
| 020 | |a 0273008145 | ||
| 040 | |a INS | ||
| 090 | 0 | 0 | |a TA545 |b B36 1977 |
| 100 | 0 | |a Bannister A | |
| 245 | 0 | 0 | |a Surveying |c A.Bannister and S.Raymond |
| 250 | |a 4th ed. | ||
| 260 | |a London : |b Pitman Publishing Limited , |c 1977 | ||
| 300 | |a 632p : |b 23 cm | ||
| 650 | 0 | 0 | |a Surveying |
| 700 | 1 | |a Saymond, S | |
| 999 | |a 0000023048 |b BOOK |c Open Shelf |e Default branch | ||